| 000 | 00457cam a2200193 4500 | ||
|---|---|---|---|
| 001 | B3125 | ||
| 008 | 090401t1990 xxu||||| |||| 00| 0 eng d | ||
| 035 | _a(Sirsi) u54137 | ||
| 041 | _aeng | ||
| 050 | _a333.33 | ||
| 110 |
_aChesterton _92357 |
||
| 245 | _aGlasgow business space review 1990 | ||
| 260 |
_aLondon _bChesterton _c1990 |
||
| 300 | _a33p. : ill.,maps ; 30cm. | ||
| 350 | _a11.25 | ||
| 650 | _aOFFICES | ||
| 942 | _n0 | ||
| 948 | _c04/03/1997 | ||
| 999 |
_c93428 _d93428 |
||